| 000 | 00582nam a2200205 a 4500 | ||
|---|---|---|---|
| 005 | 20220802154850.0 | ||
| 008 | 991125 mx 000 0 spa u | ||
| 020 | _a9706147012 | ||
| 035 | _aUPN01000050152 | ||
| 049 | _aI | ||
| 050 | 4 | _aAG65 L5.6 | |
| 100 | 1 |
_aLamblin, Simone _928937 |
|
| 245 | 1 | 1 |
_a¿Qué haremos hoy? : _b1000 palabras de vocabulario cotidiano |
| 260 |
_aMéxico : _bLarousse |
||
| 300 |
_a47 p. : _bil. |
||
| 650 | 4 |
_aDICCIONARIOS ILUSTRADOS _914045 |
|
| 650 | 4 |
_aEnciclopedias y diccionarios infantiles _98587 |
|
| 904 |
_aAC _b050154 |
||
| 905 | _aInfantil | ||
| 999 |
_c50152 _d50152 |
||